000
00273nam a2200097Ia 4500
008
220204s9999 xx 000 0 und d
082
_a
338.45:31(035)
_b
HAN
245
0
_a
Handbook of statistics 1996
260
_a
New Delhi
_b
Confederation of Indian Industry
_c
1997
942
_c
BK
999
_c
41185
_d
41185